Podmienky práce, pracovné podmienky a pracovné prostredie.
Pokus vyhraniť charakteristiku a obsah pojmov týkajúcich sa človeka v pracovnom procese. Chápanie "podmienok práce" ako súhrnu predpokladov práce, "pracovných podmienok" ako súhrnu činiteľov, ktoré bezprostredne ovplyvňujú pracovný proces, ale predovšetkým samotného človeka, "pracovného prostredia"...
Saved in:
| Main Author: | |
|---|---|
| Format: | Book Chapter |
| Language: | Slovak |
| Subjects: | |
| Tags: |
No Tags, Be the first to tag this record!
|
MARC
| LEADER | 00000naa a2200000 4500 | ||
|---|---|---|---|
| 001 | r006407 | ||
| 005 | 20221125080754.3 | ||
| 041 | 0 | |a slo | |
| 044 | |a [CS] | ||
| 245 | 1 | 0 | |a Podmienky práce, pracovné podmienky a pracovné prostredie. |c P. Demko |
| 520 | |a Pokus vyhraniť charakteristiku a obsah pojmov týkajúcich sa človeka v pracovnom procese. Chápanie "podmienok práce" ako súhrnu predpokladov práce, "pracovných podmienok" ako súhrnu činiteľov, ktoré bezprostredne ovplyvňujú pracovný proces, ale predovšetkým samotného človeka, "pracovného prostredia" ako najvýznamnejšieho faktora pracovných podmienok, ako toho, čo obklopuje prvky pracovného procesu v danom priestore a čase. | ||
| 610 | 2 | 0 | |a podmienky pracovné |
| 610 | 2 | 0 | |a prostredie pracovné |
| 610 | 2 | 0 | |a pojmy |
| 610 | 2 | 0 | |a proces pracovný |
| 610 | 2 | 0 | |a činiteľ ľudský |
| 100 | 1 | |a Demko, P. | |